000 00228nam a22000857a 4500
008 160704b xxu||||| |||| 00| 0 eng d
100 _92063
_a Prakash, S
245 _aStory of Swarajya
260 _aNew Delhi
_bNational Book Trust
_c1973
999 _c1760
_d1760